| 000 | 00488nam a2200133 a 4500 | ||
|---|---|---|---|
| 001 | 4998 | ||
| 003 | CDMR | ||
| 005 | 20130308120618.0 | ||
| 008 | 130130s2004||||||||||||||||||||||||||||d | ||
| 040 |
_aCDMR _bcat _cCPC GIRONA |
||
| 245 | 0 | 3 |
_aLa anticoncepción en la prensa española _b: Datos estudio de la evolución del tratamiento de la información sobre anticoncepción en diarios y revistas españolas en el periodo 1997-2002 |
| 260 |
_c2004 _bFundación Schering España |
||
| 942 |
_cMON _2udc |
||
| 999 |
_c4998 _d4998 |
||